| 000 | 00835cam a22002411a 4500 | ||
|---|---|---|---|
| 001 | pa 63000007 | ||
| 003 | DLC | ||
| 005 | 20260227111856.0 | ||
| 008 | 781208s1962 dcua 000 0 spa c | ||
| 010 | _apa 63000007 | ||
| 035 | _a(OCoLC)4433092 | ||
| 040 |
_aPan American Union. Library _cMChB _dIEN _dDLC |
||
| 042 | _apremarc | ||
| 043 |
_an-us--- _acl----- |
||
| 050 | 0 | 0 |
_aF1403.3 _b.C8 |
| 110 | 2 |
_aOrganization of American States. _bDepartment of Cultural Affairs. |
|
| 245 | 1 | 3 |
_aLa OEA y la cultura: _bel Departamento de Asuntos Culturales. |
| 260 |
_aWashington, D.C. : _bUnión Panamericana, _c1962. |
||
| 300 |
_a48 p. : _bill. ; _c22 cm. |
||
| 610 | 2 | 0 |
_aOrganization of American States. _bDepartment of Cultural Affairs. |
| 710 | 2 | _aPan American Union. | |
| 740 | 0 | _aOrganización de los Estados Americanos y la cultura. | |
| 999 |
_c51505 _d51505 |
||